[Event "Southwest op U1600 65th"]
[Site "Houston"]
[Date "1999.09.04"]
[Round "1"]
[White "Lemon, Jonathan C"]
[Black "Garcia, Anthony"]
[Result "0-1"]
[WhiteElo "1047"]
[BlackElo "1418"]
[PlyCount "74"]
[EventDate "1999.09.04"]
[EventType "swiss"]
[EventRounds "6"]
[EventCountry "USA"]
[SourceTitle "EXT 2001"]
[Source "ChessBase"]
[SourceDate "2000.11.22"]
[SourceVersion "1"]
[SourceVersionDate "2000.11.22"]
[SourceQuality "1"]

1. c4 e6 2. Nc3 Nc6 3. g3 Bc5 4. Bg2 Nf6 5. Nf3 b6 6. 0-0 Bb7 7. d3 Nd4 8. Nxd4 Bxg2 9. Kxg2 Bxd4 10. Bg5 h6 11. Be3 Bxe3 12. fxe3 Qb8 13. Qd2 c6 14. Rf3 d5 15. b3 Nh7 16. Raf1 0-0 17. e4 d4 18. Nd1 c5 19. a3 a6 20. b4 a5 21. e3 axb4 22. axb4 Qd6 23. bxc5 bxc5 24. exd4 Qxd4 25. Qb2 Qxb2+ 26. Nxb2 Ra2 27. R3f2 Rb8 28. Rb1 f5 29. exf5 exf5 30. Kf3 Ng5+ 31. Ke3 Rb4 32. Rc2 Ne6 33. Kd2 Nd4 34. Rcc1 Rbxb2+ 35. Rxb2 Rxb2+ 36. Kc3 Rxh2 37. Re1 Rc2# 0-1